01100 2200361 4500001002100000005001500021035002000036007000300056008004100059040002200100082001700122084001900139090002300158090002100181100002500202245009500227250004100322300005100363500001100414650003500425700002700460850001200487504003500499264003700534336002100571337003000592338002300622999002100645990001500666990002100681990002100702990001500723INLIS00000000085638620210922104507 a0010-0720000599ta200717s1990 yoia g 1 ind d aYOPDYOGbinderda04223a001.6424 a001.6424 EKO b aDEP 001.6424 EKO b aCB-D.11 1990-5230 aEko Nugrohoepenulis10aBelajar sendiri Lotus 1-2-3 release 2.01, 2.2, 3.00 /cpenulis, Eko Nugroho, Djoni Dwijono aEdisi pertama, Cetakan pertama, 1990 axii, 351 halaman :bilustrasi, tabel ;c23 cm aIndeks 4aLotus 1-2-3 (Program komputer)0 aDjoni Dwijonoepenulis aYOPDYOG aBibliografi: halaman [343]-34431aYogyakarta :bAndi Offset,c1990 2rdacontentateks 2rdamediaatanpa perantara 2rdacarrieravolume aCB-D.11/1990-523 a49287-P/94 aCB-D.11/1990-522 aCB-D.11/1990-523 a49287-P/94